000 00494nam a22001697a 4500
005 20251108163346.0
008 250721s9999 xx 000 0 ara d
082 1 4 _a343.209565/أرد
245 1 0 _aقانون العقوبات رقم 16 لسنة 1960 وفقاً لآخر التعديلات /
264 1 _aعمان :
_c[19-].
650 1 7 _aالأردن
650 1 7 _aالقانون الجنائي
650 1 7 _aالعقوبات
710 2 _aالأردن
942 _2ddc
_cBK
999 _c681
_d681